000
00302nam a22001337a 4500
020
_a
978-8177541878
041
_a
ENG
100
_a
Aylward
245
_a
Food Technology Processing & Laborahory Conlrol
260
_a
Delhi
_b
Oxlord & IBH Ltd
_c
1999
300
_a
297
650
_a
APE
856
_u
APE
999
_c
534
_d
534